| 000 -LEADER |
| fixed length control field |
00621cam a2200181 a 4500 |
| 020 ## - INTERNATIONAL STANDARD BOOK NUMBER |
| ISBN |
9780896297838 (alk. paper) |
| 040 ## - CATALOGING SOURCE |
| Transcribing agency |
DLC |
| 082 00 - DEWEY DECIMAL CLASSIFICATION NUMBER |
| Classification number |
330 IFR 2009 C152 Or. |
| 100 1# - MAIN ENTRY--AUTHOR NAME |
| Personal name |
Breisinger, Clemens. |
| 245 10 - TITLE STATEMENT |
| Title |
Social accounting matrices and multiplier analysis : |
| Remainder of title |
an introduction with exercises / |
| 260 ## - PUBLICATION, DISTRIBUTION, ETC. (IMPRINT) |
| Place of publication |
Washington, D.C. : |
| Name of publisher |
International Food Policy Research Institute, |
| Year of publication |
c2009. |
| 300 ## - PHYSICAL DESCRIPTION |
| Number of Pages |
vii, 30 p. : |
| Other physical details |
ill. ; |
| Dimensions |
26 cm. + |
| Accompanying material |
1 CD-ROM (4 3/4 in.) |
| 490 0# - SERIES STATEMENT |
| Series statement |
Food security in practice ; |
| 650 #0 - SUBJECT ADDED ENTRY--TOPICAL TERM |
| Topical Term |
Social accounting |
| 700 1# - ADDED ENTRY--PERSONAL NAME |
| Personal name |
Thomas, Marcelle. |
| 700 1# - ADDED ENTRY--PERSONAL NAME |
| Personal name |
Thurlow, James. |
| 942 ## - ADDED ENTRY ELEMENTS (KOHA) |
| Koha item type |
ADB |
| 952 ## - LOCATION AND ITEM INFORMATION (KOHA) |
| Withdrawn status [LOCAL, KOHA] |
0 |